000 00804cam a2200229 a 4500
001 000006303
005 20200929153918.0
008 831213s1969 sp 000 fbspa
040 _aDO-SdBNP
_cCarP
_dDLC
082 _a843.9
_bP968mzV
100 1 _aVizcaíno, José Antonio.
_d1934-
_917587
245 1 0 _aMarcel Proust /
_cJosé Antonio Viscaíno.
260 _aMadrid :
_bEdiciones y Publicaciones Españolas (EPESA),
_c1969.
300 _a188 p. ;
_c18 cm.
490 1 _aGrandes Escritores Contemporaneos.
600 1 0 _aPROUST, MARCEL,
_d1871-1922.
_vBIOGRAFÍAS
_917588
650 4 _aNovela francesa
_91075
650 4 _aNovelistas franceses
_vBIOGRAFÍAS
_917589
650 4 _aLiteratura francesa
_91074
830 0 _aGrandes Escritores Contemporaneos.
_98994
910 _aCatalogación por copia / LC
999 _c6098
_d6098